000 00430nam a2200181Ia 4500
005 20240823060217.0
008 240823s9999||||xx |||||||||||||| ||und||
041 _aENGLISH
082 _A620.112 N2
100 _aSadhu Singh
245 0 _aStrength of Materials
250 _a5th
260 _c1992
_bKhanna Publica
500 _aTRANSFERED
650 _aStrength of Materials
_bMechanical
942 _cBK
999 _c230590
_d230590